| 000 | 00722cab a22002295a 4500 | ||
|---|---|---|---|
| 001 | L157752 | ||
| 008 | 130426e20130413xxk 000 0 eng d | ||
| 035 | _a(Sirsi) u157752 | ||
| 041 | 0 | _aeng | |
| 100 | 1 | _aSimmons, Mark | |
| 245 | 0 | 0 |
_aFocus _bEG London |
| 260 | _c2013 | ||
| 490 |
_aEstates Gazette _v(1315) 13 April 2013, 71-95(18) |
||
| 520 | _aIncludes information on London occupiers, refurbishments and the public sector where the government aims to cut its central London office estates from 213 buildings to 23. | ||
| 651 | 4 | _aLondon | |
| 690 |
_aCommercial property _96227 |
||
| 700 | 1 | _aQuinn, David | |
| 700 | 1 | _aThame, David | |
| 700 | 1 | _aHamilton, Helen | |
| 700 | 1 | _aPilkington, Tom | |
| 942 | _n0 | ||
| 999 |
_c84452 _d84452 |
||